000
00278nam a22001217a 4500
008
160503b xxu||||| |||| 00| 0 eng d
020
_a
9780683048698
020
_a
068048694
041
_a
eng
080
_a
61
245
_a
General surgery:
_c
Peter F. Aawrence;
942
_2
udc
_c
BK
999
_c
1738
_d
1738